Statistieken voor Willekeurige Landen Verstopt op de Wereldkaart

Klik hier om de quiz te nemen!

Algemene statistieken

  • Deze quiz is 1.421 keer genomen
  • De gemiddelde score is 11 van 15

Antwoorden op de kaart

Antwoorden kleurgecodeerd door een groen-rode schaal op de quizkaart volgens % correct hieronder.
 

Antwoordstatistieken

Land% Correct
Marokko
96%
Nederland
94%
Verenigde Staten
93%
Italië
92%
Rusland
92%
Brazilië
91%
Canada
91%
Chili
91%
Venezuela
91%
China
90%
Egypte
90%
Griekenland
90%
India
89%
Mexico
89%
Denemarken
88%
Frankrijk
88%
Indonesië
88%
Oekraïne
88%
Saoedi-Arabië
88%
België
87%
Cuba
87%
Bahama's
86%
Thailand
86%
Vietnam
86%
Australië
85%
Polen
85%
Turkije
85%
Duitsland
84%
Algerije
83%
Democratische Republiek Congo
83%
Noorwegen
83%
Oostenrijk
83%
Verenigd Koninkrijk
83%
Zweden
83%
Kazachstan
82%
Mali
82%
Zwitserland
82%
Kroatië
81%
Laos
81%
Mauritanië
81%
Moldavië
81%
Oman
81%
Ghana
80%
Israël
80%
Albanië
79%
Argentinië
79%
Guyana
79%
Peru
79%
Somalië
79%
Spanje
79%
Filipijnen
78%
Ierland
78%
Iran
78%
Japan
78%
Letland
78%
Noord-Macedonië
78%
Libië
77%
Mongolië
77%
Soedan
77%
Azerbeidzjan
76%
Bosnië en Herzegovina
76%
Kaapverdië
76%
Mozambique
76%
Portugal
76%
Madagaskar
75%
Niger
75%
Slovenië
75%
Taiwan
75%
Myanmar
74%
Slowakije
74%
Zambia
74%
Angola
73%
Ecuador
73%
Ethiopië
73%
Jordanië
73%
Malta
73%
Pakistan
73%
Roemenië
73%
Servië
73%
Sri Lanka
73%
Tsjechië
73%
Bangladesh
72%
Benin
72%
Haïti
72%
Nepal
72%
Tunesië
72%
Estland
71%
Litouwen
71%
Panama
71%
Bolivia
70%
Centraal-Afrikaanse Republiek
70%
Kenia
70%
Tsjaad
70%
Zuid-Afrika
70%
Papoea-Nieuw-Guinea
69%
Senegal
69%
Verenigde Arabische Emiraten
69%
Belarus
68%
Cambodja
68%
Hongarije
68%
Irak
68%
Maleisië
68%
Zuid-Soedan
68%
Colombia
67%
Jemen
67%
Nigeria
67%
Noord-Korea
67%
Republiek Congo
67%
Sierra Leone
67%
Syrië
67%
Togo
67%
Armenië
66%
IJsland
66%
Malawi
66%
Oezbekistan
66%
Turkmenistan
66%
Burkina Faso
65%
Guinee
65%
Guinee-Bissau
65%
Honduras
65%
Kosovo
65%
Rwanda
65%
Sao Tomé en Principe
65%
Belize
64%
Micronesia
64%
Namibië
64%
Bulgarije
63%
Eritrea
63%
Uruguay
62%
Afghanistan
61%
Dominicaanse Republiek
61%
El Salvador
61%
Finland
61%
Koeweit
61%
Maldiven
61%
Suriname
61%
Botswana
60%
Guatemala
60%
Ivoorkust
60%
Liberia
60%
Comoren
59%
Gabon
59%
Kameroen
59%
Paraguay
59%
Kirgizië
58%
Zuid-Korea
58%
Palau
57%
Seychellen
57%
Tadzjikistan
57%
Nicaragua
55%
Vanuatu
55%
Costa Rica
52%
Lesotho
52%
Oeganda
52%
Tanzania
52%
Georgië
50%
Mauritius
50%
Equatoriaal-Guinea
49%
Salomonseilanden
49%
Zimbabwe
48%
Nieuw-Zeeland
43%
Burundi
41%
Jamaica
41%
Eswatini
39%
Kiribati
37%
Nauru
37%
Fiji
31%
Marshalleilanden
30%
Tuvalu
25%
Tonga
17%
Samoa
13%

Scoreverdeling

Percentiel versus Aantal Correcte Antwoorden

Procent van Mensen met Elke Score

Uw Scoregeschiedenis

U heeft deze quiz nog niet genomen